Statistics for Identify the Tollywood Film

Click here to take the quiz!

General Stats

  • This quiz has been taken 49 times
  • The average score is 10 of 16

Answer Stats

Answer% Correct
Baahubali: The Beginning
95%
Eega
95%
Pushpa: The Rise
95%
Roudram Ranam Rudhiram
91%
Jersey
80%
Manam
80%
Bimbisara
70%
F2: Fun & Frustration
68%
Srimanthudu
68%
Pokiri
59%
Karthikeya 2
57%
Mayabazar
48%
Pilla Zamindar
45%
Shyam Singha Roy
32%
Nuvvostanante Nenoddantana
23%
Veera Bhoga Vasanta Rayulu
5%

Score Distribution

Percentile by Number Answered

Percent of People with Each Score

Your Score History

You have not taken this quiz